LEADER 01570nam a2200337 u 4500 001 000000111034 003 CaOOAMICUS 005 20080417131726.0 008 080404s2008 it u000 u ita u 040 $aPUL$bita$dLDB 041 0 $aita$agrc$hgrc 100 1 $aArrianus, Flavius,$dc. 95-c. 175.$0(OLS)http://pul/name/23195 240 10$aAlexandri Anabasis.$lItaliano e greco.$0(OLS)http://pul/title/88104 245 10$aAnabasi di Alessandro /$cArriano ; a cura di Franceso Sisti. 260 $aMilano :$bMondadori,$cc2008. 300 $alxxxi, 663 p. ;$c18 cm. 490 1 $aI classici collezione Greci e latini ;$v62 504 $aInclude riferimenti bibliografici. 546 $aTesto greco a fronte. 700 1 $aSisti, Francesco.$0(OLS)http://pul/name/44468 700 1 $aArrianus, Flavius,$dc. 95-c. 175.$tAlexandri Anabasis.$0(OLS)http://pul/nameTitle/748$0(OLS)http://pul/name/23195$0(OLS)http://pul/title/139592 830 2$aI classici collezione$pGreci e latini (Mondadori) ;$v62.$0(OLS)http://pul/title/131999 850 $aPUL 852 $aPUL$W1$xSL Cons. Gen., Altre Classi 3$y75$m880 COLL 1.62$j127285$qDDC 21$B125993$CPULBib$Z2$F125993 $H106871 $82 900 $aArriano, Flavio,$dc. 95-c. 175$923195 900 $aFlavio Arriano,$dc. 95-c. 175$923195 900 $aArriano, Flavio,$dc. 95-c. 175$923195 900 $aFlavio Arriano,$dc. 95-c. 175$923195 941 1 $a9 996 $6245$aAnabasi di Alessandro$9(OLS)http://pul/title/88105 996 $6260$aMilano :$bMondadori$9(OLS)http://pul/publisher/50297 LEADER 01439nam a2200313 u 4500 001 000000046596 003 CaOOAMICUS 005 20070226114806.0 008 990715s1983 ne u000 u eng u 020 $a9027714932 035 $a10829787 040 $aPUL(R)$bita 245 00$aAbortion and the status of the fetus /$cedited by William B. Bondeson ... [et al.]. 260 $aDordrecht :$bD. Reidel Publishing Company,$cc1983. 300 $axxxii, 349 p. ;$c25 cm 490 1 $aPhilosophy and medicine ;$v13 504 $aBibliografia in nota. 650 4$aAborto.$0(OLS)http://pul/subject/6488 650 4$aFeto.$0(OLS)http://pul/subject/19810 700 1 $aBondeson, William B.,$d1938-$0(OLS)http://pul/name/33923 710 2 $aUniversity of Missouri--Columbia.$0(OLS)http://pul/name/33924 830 0$aPhilosophy and medicine ;$v13.$0(OLS)http://pul/title/62735 850 $aPUL 852 $aPUL$W1$xSL Religione 1$y3$m39 B 66$j62422$nBK-PRI$b $qStampati$B62422$CPULBib$Z2$F62422 $H $81 852 $aPUL$W1$xSL Religione 1$y3$m39 B 90$j62423$nBK-PRI$b $qStampati$B62423$CPULBib$Z2$F62423 $H $81 941 1 $a8 996 $6020$a9027714932$9(OLS)http://pul/number/58092 996 $6245$aAbortion and the status of the fetus$9(OLS)http://pul/title/62734 996 $6260$aDordrecht :$bD. Reidel Publishing Company$9(OLS)http://pul/publisher/66568